000 00373nam a2200145Ia 4500
003 GCL
008 140319s9999 xx 000 0 eng d
040 _aGCL /
_cGCL
082 0 4 _aCH
_b919.02
_bK W
100 1 _aKERROD, ROBIN
245 1 0 _aWILDLIFE -ATLAS /
_cKERROD, ROBIN
700 1 _aSTIDWORTHY, JOHN
260 _a[S.N] :
_bGEORYE PHILIP ITD ،
_c1992
300 _a80 PP
999 _c18024
_d18024